000 00732nam a2200241 i 4500
001 bg
100 1 _aMIETLEWSKI, Zygmunt
245 1 0 _aZarządzanie małą firmą /
_cZygmunt Mietlewski.
250 _aWyd.3.
260 _aGdynia :
_bWyższa Szkoła Morska. Wydział Administracyjny,
_c2000.
300 _a239 s. :
_bwykr. ;
_c24 cm.
650 9 _aPrzedsiębiorstwa małe i średnie
_xorganizacja
650 9 _aZarządzanie
655 _aPodręczniki akademickie
020 _a8387875856
040 _cBPK
041 0 _apl
080 _a658.114.012(075.8)
920 _a83-87875-85-6
942 _cKS
008 s pl f |000 0 pol
999 _c39158
_d39158
856 _uhttp://koha.tu.koszalin.pl/cgi-bin/koha/opac-detail.pl?biblionumber=39158
_yKatalog online BPK